MDQL
is popping MORE tags! Check the
thread
!
Quizzes
Events
Quiz Creation
Community
Videos
Private Events
Remove Ads
Sign In
Join for FREE
Feedback
Dark Mode
Quiz Categories
Sports
Geography
Music
Movies
Television
Just For Fun
Miscellaneous
History
Literature
Language
Science
Gaming
Entertainment
Religion
Holiday
For Kids
Quiz Lab
Recent
Popular Today
Quiz Kudos Today
Editor Picks
Curator Picks
Quizzes by...
Day
Popularity
Type
Ratings
Length
Year
Community
Subscriptions
Recent Discussions
Orange Saloon
Badges
Playlists
Quests
Create
Leaderboards
Showdown
Live 5
Trivia Bingo
Activity
Puzzle Library
Sporcle Events
Private Events
Virtual Trivia
Globe League
Become a Host
Pub Owners
SporcleCon
Opinionation
Our Games
Videos
Blog
Mobile Apps
Partnerships
Remove Ads and Go Orange
Feedback
Television
TV Characters
TV Show
Sitcom
Network
Friends
Reality Shows
Cast
South Park
Star Trek
The Simpsons
Doctor Who
Television
TV Characters
TV Show
Sitcom
Network
Friends
Reality Shows
Cast
South Park
Star Trek
The Simpsons
Doctor Who
Random Quiz
Search Sporcle
×
Quiz Lab
Quiz Lab
Television
Song
Type in answers that appear in a list
Type in answers that appear in a list
Classic
Best Score? Go Orange.
'Cheers' Theme Song Lyrics Stats
Can you name the complete lyrics to the theme song for the TV show 'Cheers'?
By
slipkid
8m
169 Questions
674 Plays
674 Plays
674 Plays
Comments
Comments
Give Quiz Kudos
Give Quiz Kudos
-
- Ratings
hide this ad
More Info
Replay
Link that replays current quiz
Next Quiz
Link to next quiz in quiz playlist
You Got
0%
They Got
Avg Score
75%
Avg Friend Score
Upgrade to see
Score Distribution
Jump to the score distribution portion of the page
Score
0/169
Timer
08:00
0
Plays Today
% Correct
you
99.6%
you
99.6%
you
99.6%
You
99.6%
you
99.6%
You
99.6%
you
99.6%
You
99.6%
You
99.6%
your
98.7%
your
98.7%
your
98.7%
your
98.7%
your
98.7%
your
98.7%
your
98.7%
your
98.7%
your
98.7%
your
98.7%
name,
98.1%
name.
98.1%
name,
98.1%
name.
98.1%
the
97.9%
The
97.9%
the
97.9%
the
97.9%
the
97.9%
The
97.9%
the
97.9%
the
97.9%
Where
97.8%
where
97.8%
where
97.8%
Where
97.8%
where
97.8%
where
97.8%
know,
97.6%
a
97.5%
a
97.5%
to
97.5%
to
97.5%
to
97.5%
to
97.5%
to
97.5%
to
97.5%
a
97.5%
to
97.5%
to
97.5%
knows
97.3%
knows
97.3%
knows
97.3%
knows
97.3%
everybody
97%
everybody
97%
everybody
97%
everybody
97%
% Correct
go
96.9%
go
96.9%
go
96.9%
want
92%
want
92%
want
92%
want
92%
want
92%
in
90.8%
in
90.8%
in
90.8%
And
90.2%
And
90.2%
And
90.2%
And
90.2%
And
90.2%
And
90.2%
And
90.2%
all
90.1%
All
90.1%
all
90.1%
all
90.1%
world
89.5%
world
89.5%
got;
88.4%
got
88.4%
glad
88%
glad
88%
glad
88%
came;
87.8%
be
87.8%
be
87.8%
be
87.8%
Be
87.8%
came;
87.8%
today
87.5%
everything
87.4%
way
87.1%
Making
86.6%
Takes
86.6%
are
86.2%
are
86.2%
always
85.8%
same;
85.8%
always
85.8%
same;
85.8%
would
84%
you've
83.7%
you've
83.7%
they're
83.2%
they're
83.2%
lot.
82.3%
sure
81%
help
79.4%
worries
78.6%
get
78.6%
troubles
78.2%
% Correct
away?
77.9%
like
76.9%
can
76.7%
Sometimes
75.8%
Wouldn't
74.5%
see,
74.3%
from
73.9%
Taking
73.4%
break
72.8%
people
68.2%
People
68.2%
Our
47.8%
place
47.6%
is
47.3%
of
41.2%
no
39%
when
38.7%
one
36.9%
there's
36.5%
it's
34.3%
girl;
33.8%
wants
32.8%
mail;
32%
check
31.5%
by
31.5%
husband
31.2%
up
30.7%
didn't
29.7%
didn't
29.7%
those
29.4%
show;
29.1%
cat
28.3%
out
28%
tail;
27.4%
fiancé
27.4%
off
27.3%
third
26.9%
little
26.3%
even
26.1%
nights
25.4%
Hung
25.4%
ran
25.4%
shrink
25.2%
lights,
25.1%
angel
25.1%
Europe,
25.1%
write;
24.8%
dead;
24.5%
Coffee's
24%
Mr.
23.7%
looking
22.4%
bed,
22.3%
bright;
21.7%
morning's
21.4%
Roll
20.5%
Quiz Playlist
Details
Report
Send in Message
Add To Playlist
More Info:
These are the complete lyrics as transcribed from the 200th Anniversary Show episode.
Classic:
Type in answers that appear in a list
Quiz Source
Last Updated: Feb 16, 2017
Quiz Scoreboard
CHALLENGE
Sign Up to Join the Scoreboard
Show All
Scores
Hide
Comments
May contain spoilers
Recently Published
5x2 Blitz: Bands
by SL_Kpop136
Music
30s
Colored Red Africa Blitz
by spor1
Geography
30s
Find the 'City' Movie
by crazypaving
Movies
60s
More to Explore
Quiz From the Vault
Featured Blog Post
14 Easter Pick-up Lines to Find Eggs With
hide this ad
You Might Also Like...
Tags
Show Quiz
Song Quiz
Cheers
complete
theme
Theme Songs
Today's Top Quizzes in Television
Browse Television
hide this ad
Today's Top Quizzes in Song
Browse Song
Top Contributed Quizzes in Television
1
Survivor Journey Challenge
2
Brooklyn Nine Nine Logic Puzzle (How-To-Play)
3
Total Drama Characters
4
Phoebe Buffay Quotes
5
Survivor Trivia
6
Survivor Logic Puzzle: Heroes vs. Villains
7
Emmerdale Characters (from August 2012)
8
One Tree Hill Logic Puzzle
9
Adjectives in 00s TV Shows
10
All US Survivor Seasons in Order
Explore More
Trending Topics
Kpop
Harry Potter
Disney
Crossword
NBA
Anime
Marvel
The Office
Country
NFL
Song
Soccer
Pokémon
WWE
Puzzle
hide this ad
More By:
slipkid
Quiz
Plays
Rating
Category
Featured
Created
Simple Math Minefield
866,752
4.20
Science
Oct 6, 2011
Fifty Famous Figures
377,743
4.51
History
Jan 25, 2013
Rhymes with 'Jump'
304,213
4.39
Language
May 26, 2013
Rhymes with 'Sound'
292,063
4.71
Language
Oct 31, 2011
Harry, Hunger or Twilight?
283,851
4.42
Literature
Oct 30, 2011
Go to Creator's Profile
Score Distribution
Quiz Creator Spotlight
slipkid
Follow
Send a Message
Quizzes Created
-
Created Quiz Play Count
-
More By This Creator
Popular Quizzes Today
1
Colored Red Africa Blitz
2
Find the US States - No Outlines Minefield
3
Find the 'City' Movie
4
5x2 Blitz: Bands
5
The Countries of the World
6
Find the US States
7
US States
8
Find the Countries of Europe - No Outlines Minefield
More Television Quizzes
SNL - Aidy Bryant Impressions
Quiz Lab
Trending Quizzes
Colored Red Europe Blitz I
Colored Red Europe Blitz II
Colored Red Africa Blitz II
Colored Red Europe Blitz III
Colored Red Africa Blitz III
Recently Updated
How Do You Spell That?
pecheneg
Godzilla Movies
pecheneg
Grab Bag: 4-10 Letters
pecheneg
2024 March Madness Bracket
pecheneg
Famous TV Couples
Peacemaker
Champions League XIs: Real Madrid
pecheneg
Largest US Cities 1790-2010
pecheneg
Rides in Walt Disney World
pecheneg
Most Oscar Losses (Acting)
pecheneg
Beyoncé Albums
pecheneg
Trending Topics
Marvel
Harry Potter
Anime
Disney
Crossword
Kpop
NBA
WWE
Country
The Office
Song
NFL
Puzzle
Soccer
Pokémon
Your Account Isn't Verified!
In order to create a playlist on Sporcle, you need to verify the email address you used during registration. Go to your
Sporcle Settings
to finish the process.
Report this User
Report this user for behavior that violates our
Community Guidelines
.
Details:
Send Report
Go to the Sporcle.com Mobile Site →
Comments